|
|
|
|
| LEADER |
01135nam a2200301 u 4500 |
| 001 |
10009401 |
| 003 |
upatras |
| 005 |
20210117204153.0 |
| 008 |
881025s1957 us eng |
| 040 |
|
|
|a GR-PaULI
|c GR-PaULI
|
| 041 |
0 |
|
|a eng
|
| 082 |
0 |
4 |
|a 617.53
|
| 100 |
1 |
|
|a Brown, James Barrett
|9 124468
|
| 245 |
1 |
0 |
|a Neck dissections
|c by James Barrett Brown and Frank McDowell
|
| 260 |
|
|
|a Springfield, IL
|b Charles C Thomas Publisher
|c 1957
|
| 300 |
|
|
|a viii, 163 p.
|b fig., phot.
|c 22 cm
|
| 490 |
0 |
|
|a American lecture series
|v 207
|
| 500 |
|
|
|a Second printing
|
| 505 |
1 |
|
|a Includes author and subject index
|
| 650 |
|
4 |
|a Αυχένας
|x Καρκίνος
|9 57496
|
| 650 |
|
4 |
|a Καρκίνος
|x Θεραπεία
|9 826
|
| 650 |
|
4 |
|a Αυχένας
|x Χειρουργική
|9 31907
|
| 700 |
1 |
|
|a McDowell, Frank
|9 124469
|
| 760 |
1 |
|
|a American lecture series
|g 207
|
| 852 |
|
|
|a GR-PaULI
|b ΠΑΤΡΑ
|b ΒΚΠ
|b ΔΙΑ
|k ΑΣΧΞ
|h 617.53 B
|m 13675
|t 1
|
| 942 |
|
|
|2 ddc
|c BK15
|
| 952 |
|
|
|0 0
|1 0
|4 0
|6 617_530000000000000_B
|7 0
|9 137318
|a LISP
|b LISP
|c BSC
|d 2016-04-24
|i 13675
|l 0
|o 617.53 B
|r 2016-04-24 00:00:00
|t 1
|w 2016-04-24
|y BK15
|
| 999 |
|
|
|c 89904
|d 89904
|